Planificación y diseño: parques infantiles. Diseñar el espacio de juegos
Salvato in:
| Autore principale: | |
|---|---|
| Natura: | Libro |
| Lingua: | spagnolo |
| Pubblicazione: |
Barcelona
Links
2010
|
| Edizione: | 1a. ed |
| Soggetti: | |
| Tags: |
Aggiungi Tag
Nessun Tag, puoi essere il primo ad aggiungerne!!
|
MARC
| LEADER | 00000cam a2200000 a 4500 | ||
|---|---|---|---|
| 001 | UCG3471 | ||
| 003 | CL-VaPUC | ||
| 008 | 100902e20100000SP |||||||||||||||||spa|d | ||
| 020 | |a 9788496969735 | ||
| 082 | 0 | 4 | |a 712.5 |b BRO |2 21 |
| 100 | 0 | |a Broto i Comerma, Carles |e author |9 552649 | |
| 245 | 1 | 0 | |a Planificación y diseño: parques infantiles. Diseñar el espacio de juegos |
| 250 | |a 1a. ed | ||
| 300 | |a 543 p | ||
| 942 | |c BK | ||
| 945 | |d 20100902 00:00:00 |a cmena | ||
| 260 | |a Barcelona |b Links |c 2010 | ||
| 650 | 7 | |a INSTALACIONES DE RECREO |2 CL-VaPUC |9 341775 | |
| 650 | 7 | |a PARQUES |2 CL-VaPUC |9 552650 | |
| 650 | 0 | |a Diseño arquitectónico |9 265271 | |
| 650 | 0 | |a Actividades de tiempo libre |9 334349 | |
| 650 | 0 | |a Planificación urbana |9 258176 | |
| 650 | 0 | |a Niños |9 255605 | |
| 650 | 7 | |a PARQUES INFANTILES |2 CL-VaPUC |9 552652 | |
| 583 | |a last modification |c 20111003 10:00:59 |k Rodrigo Vera | ||
| 999 | |c 342539 |d 342537 | ||
| 952 | |0 0 |1 0 |4 0 |6 712_500000000000000_BRO_2010 |7 0 |8 R |9 438783 |a BIBARQ |b BIBARQ |d 2019-11-22 |i 4715608 |l 1 |o 712.5 BRO 2010 |p 4715608 |r 2025-04-04 |s 2025-04-01 |w 2019-11-22 |y BK_R |k ARQ | ||
| 952 | |0 0 |1 0 |4 0 |6 712_500000000000000_BRO_2010 |7 0 |8 R |9 438784 |a BIBARQ |b BIBARQ |d 2019-11-22 |i 4724194 |l 3 |o 712.5 BRO 2010 |p 4724194 |r 2025-04-29 |s 2025-04-25 |w 2019-11-22 |y BK_R |k ARQ | ||